प्रयोगात्मक मनोविज्ञानः(बी.एड./शिक्षा के नवीनतम पाठ्यक्रमानुसार) (Record no. 8357)

MARC details
000 -LEADER
fixed length control field 01166 a2200205 4500
005 - DATE AND TIME OF LATEST TRANSACTION
control field 20080923103349.0
008 - FIXED-LENGTH DATA ELEMENTS--GENERAL INFORMATION
fixed length control field 080923t xxu||||| |||| 00| 0 hin d
010 ## - LCCN (DPL NO)
LC control number HIN-81369
020 ## - INTERNATIONAL STANDARD BOOK NUMBER
Terms of availability 160.00
035 ## - SYSTEM CONTROL NUMBER
System control number HN-53715
037 ## - SOURCE OF ACQUISITION
Source of stock number/acquisition पु.प्र.अ.प्र / प्रका.
082 ## - DEWEY DECIMAL CLASSIFICATION NUMBER
Classification number 150.198
100 ## - MAIN ENTRY--PERSONAL NAME
Personal name मिश्रा,महेन्द्र कुमार
245 ## - TITLE STATEMENT
Title प्रयोगात्मक मनोविज्ञानः(बी.एड./शिक्षा के नवीनतम पाठ्यक्रमानुसार)
Statement of responsibility, etc महेन्द्र कुमार मिश्रा
260 ## - PUBLICATION, DISTRIBUTION, ETC. (IMPRINT)
Place of publication, distribution, etc जयपुर
Name of publisher, distributor, etc पद्मा पब्लिकेशन
Date of publication, distribution, etc 2007
270 ## - ADDRESS
Address 4/203,जवाहर नगर
City जयपुर
Telephone number 9414887882
300 ## - PHYSICAL DESCRIPTION
Extent 284पृ
Dimensions 21 सेमी(अजिल्द)
942 ## - ADDED ENTRY ELEMENTS (KOHA)
Institution code [OBSOLETE] dpl
Item type Hindi Books
Call number prefix 150.198 / मिश्राम
Source of classification or shelving scheme Dewey Decimal Classification
Classification part 150.198
Call number suffix मिश्राम
Holdings
Withdrawn status Lost status Source of classification or shelving scheme Damaged status Not for loan Home library Current library Date acquired Cost, normal purchase price Total Checkouts Full call number Barcode Date last seen Copy number Cost, replacement price Koha item type
    Dewey Decimal Classification     D.B.Act.Division D.B.Act.Division 23/09/2008 160.00   150.198 मिश्राम HN-53715 15/09/2008 1 160.00 Hindi Books

© Delhi Public Library
Hit Counter
free hit counter